| 000 | 00528nam a22001817a 4500 | ||
|---|---|---|---|
| 003 | CEME | ||
| 005 | 20210628203511.0 | ||
| 008 | 210126b xxu||||| |||| 00| 0 eng d | ||
| 020 | _a0-8247-0620-X | ||
| 040 | _c. | ||
| 082 | _a621.319 SHA | ||
| 100 |
_aShahidehpour, Mohammad:Alomoush, Muwaffaq _965846 |
||
| 245 | _aRestructured electrical power systems;operation, trading and volatility | ||
| 260 |
_aNEW YORK _bMARCEL DEKKER _c2001 |
||
| 300 | _aXXI,510P | ||
| 650 |
_aELECTRICAL POWER SYSTEMS _965847 |
||
| 942 |
_cBK _2ddc |
||
| 999 |
_c573941 _d573941 |
||